Tương tác Boson chuẩn mới Z' trong mô hình G (2-2-1) với Quark ngoại lai tựa Vector : Luận văn thạc sĩ vật lý chuyên ngành Vật lý Lý thuyết và Vật lý toán
Nội dung luận văn nghiên cứu tương tác Boson chuẩn mới Z' trong mô hình G (2-2-1) với Quark ngoại lai tựa vector.
Guardado en:
| Autor principal: | |
|---|---|
| Formato: | Libro |
| Lenguaje: | Undetermined |
| Publicado: |
Cần Thơ
Trường Đại học Cần Thơ
2018
|
| Materias: | |
| Etiquetas: |
Agregar Etiqueta
Sin Etiquetas, Sea el primero en etiquetar este registro!
|
| Thư viện lưu trữ: | Trung tâm Học liệu Trường Đại học Cần Thơ |
|---|
| LEADER | 01023nam a2200205Ia 4500 | ||
|---|---|---|---|
| 001 | CTU_227276 | ||
| 008 | 210402s9999 xx 000 0 und d | ||
| 082 | |a 539.72 | ||
| 082 | |b G120 | ||
| 100 | |a Bùi, Thị Gấm | ||
| 245 | 0 | |a Tương tác Boson chuẩn mới Z' trong mô hình G (2-2-1) với Quark ngoại lai tựa Vector : | |
| 245 | 0 | |b Luận văn thạc sĩ vật lý chuyên ngành Vật lý Lý thuyết và Vật lý toán | |
| 245 | 0 | |c Bùi Thị Gấm ; Hoàng Ngọc Long (người hướng dẫn khoa học) | |
| 260 | |a Cần Thơ | ||
| 260 | |b Trường Đại học Cần Thơ | ||
| 260 | |c 2018 | ||
| 520 | |a Nội dung luận văn nghiên cứu tương tác Boson chuẩn mới Z' trong mô hình G (2-2-1) với Quark ngoại lai tựa vector. | ||
| 650 | |a Phạm vi hạt (Vật lý hạt nhân),Particle range (Nuclear physics) | ||
| 910 | |b dqhieu | ||
| 980 | |a Trung tâm Học liệu Trường Đại học Cần Thơ | ||